Miami Marlins All-time Team - Statistics

General Stats
  • This quiz has been taken 24 times
  • The average score is 4 of 10
Answer Stats
Nickname Player % Correct
Right Field Giancarlo Stanton
80%
Starting Pitcher Dontrelle Willis
60%
First Base Miguel Cabrera
55%
Center Field Christian Yelich
50%
Shortstop Hanley Ramirez
45%
Left Field Gary Sheffield
40%
Second Base Dan Uggla
30%
Catcher J.T. Realmuto
0%
Third Base Mike Lowell
0%
Relief Pitcher Steve Cishek
0%
No matching quizzes found
Score Distribution
Percent of People with Each Score
Percentile by Number Answered
Your Score History
You have not taken this quiz